00450cam a2200181ua 4500001000500000005001700005008003900022020001500061040000900076041000800085082001000093100003000103245006700133250000900200260003200209300001000241653001700251869820260515114352.0150212n ii |||gr||||Z||||||eng a8178134829 cMAIN aeng a413.1 aAggarwal, B. N.,eAuthor.1 aComprehensive book of synonyms and antonymscBy B. N. Aggarwal a1st. aNew Delhi:bSunrise,c2010. a672p. aDictionaries